Lezioni di storia del Diritto Italiano (Record no. 135307)

MARC details
000 -LEADER
campo de control de longitud fija 00467nam a2200157 i 4500
001 - NÚMERO DE CONTROL
campo de control 135307
003 - IDENTIFICADOR DE NÚMERO DE CONTROL
campo de control ES-MaACL
005 - FECHA Y HORA DE LA ÚLTIMA TRANSACCIÓN
campo de control 20230906194844.0
007 - CAMPO FIJO DE DESCRIPCIÓN FÍSICA--INFORMACIÓN GENERAL
campo de control de longitud fija t|
008 - DATOS DE LONGITUD FIJA--INFORMACIÓN GENERAL
campo de control de longitud fija 070716s1949 it ||||1| ita d
100 1# - ENTRADA PRINCIPAL--NOMBRE DE PERSONA
Nombre de persona Torelli, Pietro.
9 (RLIN) 110631
245 10 - MENCIÓN DEL TÍTULO
Título Lezioni di storia del Diritto Italiano
Resto del título : Diritto Privato. Le Persone /
Mención de responsabilidad, etc. Pietro Torelli.
260 ## - PUBLICACIÓN, DISTRIBUCIÓN, ETC.
Lugar de publicación, distribución, etc. Milano :
Nombre del editor, distribuidor, etc. A. Giuffré,
Fecha de publicación, distribución, etc. 1949.
300 ## - DESCRIPCIÓN FÍSICA
Extensión 133 p. ;
Dimensiones 25 cm.
852 ## - LOCALIZACIÓN
Ubicación ES-MaACL
Número de control de estantería D-7333
Sublocalización o colección R.31869
Holdings
Estatus retirado Estado de pérdida Estado de daño No para préstamo Biblioteca de origen Biblioteca actual Ubicación en estantería Fecha de adquisición Fuente de adquisición Total de préstamos Signatura topográfica completa Código de barras Visto por última vez Precio de reemplazo Tipo de ítem Koha
        Biblioteca del Ateneo de Madrid Biblioteca del Ateneo de Madrid Sala Valle Inclán 17/01/2008     D-7333 901140831 23/02/2023 23/02/2023 Libro impreso